000 00302nam a22001337a 4500
008 171010b xxu||||| |||| 00| 0 eng d
020 _a9780131441682
041 _aeng
080 _27 ED
_a316
100 _a50
101 _aSOC
245 _aORGANIZATION DEVELOPMENT
_cBROWN.D.R
942 _2udc
_cBK
999 _c32843
_d32843